Statistics for Game of thrones - houses

Click here to take the quiz!

General Stats

  • This quiz has been taken 67 times
  • The average score is 10 of 15

Answer Stats

HintAnswer% Correct
Lords of NorthStarks
100%
Allways pays his deptsLannisters
96%
TwinsFreys
95%
Lords of North after Red WeedingBoltons
93%
Bear IslandMormonts
93%
OnionSeaworths
88%
Robb Stark kills lord...Karstarks
75%
FingersBaelishs
74%
Rickon Stark was betrayed by houseUmbers
67%
Burned by dragonTarlys
60%
Olenna Tyrell before weedingRedwyne
58%
Sword from starDaynes
39%
Island in the Narrow SeaTarth
26%
Ironrath (game)Forresters
12%
Banners of Boltons (game)Whitehills
5%

Score Distribution

Percentile by Number Answered

Percent of People with Each Score

Your Score History

You have not taken this quiz